00714nam a2200217 a 4500001001000000003000900010005001700019007000300036008003700039020001500076040002500091082001700116100003400133240003900167245007500206260004700281300002800328490005600356700002800412830005600440000039943DO-SdBNP20211004112804.0ta130731s 1983 sp a 000 0 spa d a8432221899 aDO-SdBNPbspacBNPHU 4aBNPHUbH488v1 aHemingway, Ernest,41899-196110aThe old man and the sealespañol13aEl viejo y el mar /cErnest Hemingway ; traducción Lino Novas Calvo. aBarcelona, España :bSeix Barral,c1983. a143 p. :bil. ;c21 cm.1 aObras maestras de la literatura contemporáneav291 aNovas Calvo, Lino,etr. 0aObras maestras de la literatura contemporáneav29